| 000 | 00397cam a2200157ua 4500 | ||
|---|---|---|---|
| 003 | OSt | ||
| 008 | 250423b |||||||| |||| 00| 0 eng d | ||
| 041 | _aeng | ||
| 082 |
_a624.1517 _bKAN/SU |
||
| 100 |
_aKanetkay, P . _97430 |
||
| 245 | _aSurveying Levelling Part I / | ||
| 260 |
_a : _bVidyarthi Mithram Book Depo , _c1984. |
||
| 300 | _a640 ; . | ||
| 700 | 1 |
_aKulkarni, V . _96915 |
|
| 942 | _cBK | ||
| 999 |
_c1923 _d1923 |
||